Rediseño de la gestión de las operaciones logísticas con un enfoque basado en procesos en la empresa Operador Logístico S.A.
Guardat en:
| Autor principal: | |
|---|---|
| Altres autors: | , |
| Format: | Llibre |
| Idioma: | Spanish |
| Publicat: |
[San José, Costa Rica]
2019
|
| Matèries: | |
| Etiquetes: |
Afegir etiqueta
Sense etiquetes, Sigues el primer a etiquetar aquest registre!
|
MARC
| LEADER | 00000nam a2200000Ia 4500 | ||
|---|---|---|---|
| 003 | 013780 | ||
| 005 | 20240311084848.0 | ||
| 008 | 140114s2019 cr a 000 ||spa d | ||
| 040 | |c cru CEDI | ||
| 100 | |a Arias Víquez, Paola, 1995- |9 2552 | ||
| 245 | |a Rediseño de la gestión de las operaciones logísticas con un enfoque basado en procesos en la empresa Operador Logístico S.A. | ||
| 260 | |a [San José, Costa Rica] |c 2019 | ||
| 500 | |a Proyecto de graduación (licenciatura en ingeniería industrial)--Universidad de Costa Rica. Facultad de Ingeniería. Escuela de Ingeniería Industrial | ||
| 501 | |a Director de Proyecto de Graduación M. M.Sc. Ing. José Roig Zamora | ||
| 650 | |x SATISFACCION DEL CLIENTE |x GESTION INDUSTRIAL |x CONTROL DE INVENTARIOS - PROCESAMIENTO DE DATOS |x CONTROL DE INVENTARIOS - METODOLOGIA - DISEÑO | ||
| 700 | |a Zamora Zamora, Valeria, 1995- |9 2551 | ||
| 700 | |a Roig Zamora, José Francisco, 1978- |d Director del TFG |9 311 | ||
| 942 | |c TFG |h TFG 8921 |i 013780 |6 TFG_8921_013780000000000 | ||
| 999 | |c 12895 |d 12895 | ||
